Volé ou non ? - Statistiques

Statistiques générales
  • Ce quiz a été pris 28 fois
  • Le résultat moyen est 2 sur 12
Answers on the Grid
Answers color-coded by a green-red scale on the quiz's grid according to % correct below.
 
Statistiques - réponses
Réponse % Correct
La Joconde, au Louvre, la plupart des Italiens la considère volé par la France
64%
Céramique d'afrique subsaharienne, Congo, toujours au Musée du Quai Branly
32%
Tête trophée Mundurucu, Amazonie, aujourd'hui en France (Musée d'Arts Africains, Océaniens et Amérindiens)
27%
Calebasse décorée, Afrique subsaharienne, aujourd'hui au Quai Branly
18%
Momies Egyptiennes, toujours au British Museum
18%
Sculpture du Parthénon, toujours au British Museum (réclamé par la Grèce)
18%
Récade, ou sceptre du Royaume du Bénin, France
14%
Sculpture de la civilisation Ifè, Nigéria. Encore en France (Louvre)
14%
Les Noces de Cana, Venise réclame sa restitution ! (Louvre)
14%
Le zodiaque de Dendérah, aujourd'hui au Louvre, arraché de son lieu d'origine à la dynamite
9%
Couronne en or du "Trésor Ethiopien" (pillé par les anglais au 19eme siècle), aujourd'hui au Victoria and Albert Museum (Londres), pas d'avancée de restitution
5%
Le cylindre de Cyrus, réclamé par l'Iran, toujours au British Museum
5%
Aucun quiz correspondant
Distribution des résultats
% des personnes avec chaque résultat
Percentile par nombre de réponses
Votre historique - résultats
Vous n’avez pas pris ce quiz